000 00715nam a22002417a 4500
008 131006b xxu||||| |||| 00| 0 eng d
020 _a81-7029-256-5
024 _cAvailable
037 _cAvailable
040 _aMBSTU LIBRARY
_dMBSTU LIBRARY
082 _222
_a005.362 KAC
100 _aKanetkar, Yashavant.
245 _aC Projects.
260 _aNew Delhi
_bBPB Publications.
_c2001
300 _a23 cm.
_b596 page
_f1
_g23 cm.
600 _2Programming languages.
650 _2Programming languages.
700 _aKanetkar, Yashavant.
270 _aNew Delhi
_bNew Delhi
_dIndia
365 _b360.00
_d360.00
942 _2ddc
_cBK
999 _c704
_d704